=LDR 00000nam 2200000 4500 =001 INLIS000000000008225 =005 20130612100127 =008 ***********************************Ind** =035 ##$$0010-061300000008225 =041 ##$$a Ind =082 ##$$a 2x7.1 =090 ##$$a 2x7.1, Dra f =100 ##$$a Drajat, Amroni =245 ##$$a Filsawat illuminasi, sebuah kajian terhadap konsep cahaya Suhrawardi, Drs. Amoeni, Drajat, M.ag =260 ##$$a 2001 $b Jakarta =300 ##$$a xx, 104 hlm, 21 cm =650 ##$$a Islam-filsawat